Online
Catalog

La homosexualidad : (Record no. 42802)

MARC details
000 -CABECERA
campo de control de longitud fija 00773nam a2200217 a 4500
001 - NÚMERO DE CONTROL
campo de control 000043313
005 - FECHA Y HORA DE LA ÚLTIMA TRANSACCIÓN
campo de control 20201002040816.0
008 - DATOS DE LONGITUD FIJA--INFORMACIÓN GENERAL
campo de control de longitud fija 140307s2013 dr ac 000 0 spa d
040 ## - FUENTE DE LA CATALOGACIÓN
Centro catalogador/agencia de origen DO-SdBNP
Lengua de catalogación spa
Centro/agencia transcriptor BNPHU
082 ## - NÚMERO DE LA CLASIFICACIÓN DECIMAL DEWEY
Número de clasificación 306.766
Número de documento/Ítem B248h
100 1# - ENTRADA PRINCIPAL--NOMBRE DE PERSONA
Nombre de persona Baret, Victor
9 (RLIN) 35108
245 13 - MENCIÓN DE TÍTULO
Título La homosexualidad :
Resto del título diferentes perspectivas /
Mención de responsabilidad, etc. Victor Baret ; prólogo Margaret Susan Oliver.
260 ## - PUBLICACIÓN, DISTRIBUCIÓN, ETC.
Lugar de publicación, distribución, etc. Santo Domingo :
Nombre del editor, distribuidor, etc. Búho,
Fecha de publicación, distribución, etc. 2013.
300 ## - DESCRIPCIÓN FÍSICA
Extensión 191 p. :
Otras características físicas il., retrs. ;
Dimensiones 22 cm.
500 ## - NOTA GENERAL
Nota general Incluye referencias bibliográficas y notas al pie de las páginas
504 ## - NOTA DE BIBLIOGRAFÍA, ETC.
Nota de bibliografía, etc. Bibliografía : p. 190-191
590 ## - NOTA LOCAL (RLIN)
Nota local Inventariado,2018/DG
650 #4 - PUNTO DE ACCESO ADICIONAL DE MATERIA--TÉRMINO DE MATERIA
Término de materia o nombre geográfico como elemento de entrada Homosexualidad
9 (RLIN) 1116
700 12 - PUNTO DE ACCESO ADICIONAL--NOMBRE DE PERSONA
Nombre de persona Margaret Susan Oliver,
Término indicativo de función/relación pról.
9 (RLIN) 70953
910 ## - DATOS DE OPCIÓN DEL USUARIO (OCLC)
Datos de opción del usuario Validado. Control de calidad MFF
Holdings
Estado de retiro Estado de pérdida No para préstamo Código de colección Localización permanente Ubicación/localización actual Ubicación en estantería Fecha de adquisición Número de inventario Total de préstamos Signatura topográfica completa Código de barras Fecha visto por última vez Precio válido a partir de Tipo de ítem Koha Restricciones de uso Número de copia
    Excluido de préstamo Patrimonio Dominicano General General Depósito 07.03.2014 LF1   306.766 B248h 43313-10 25.06.2020 25.06.2020 Libro y Folleto Colección Patrimonio Dominicano    
      Dominicana de Servicio General General Depósito 06.05.2014 LF1   306.766 B248h 43313-30 25.06.2020 25.06.2020 Libro y Folleto Colección Dominicana de Servicio   e.3
    Excluido de préstamo Patrimonio Dominicano Patrimonio Dominicano Patrimonio Dominicano Depósito 07.03.2014 LF1   306.766 B248h 43313-20 25.06.2020 25.06.2020 Libro y Folleto Colección Patrimonio Dominicano   e.2

Powered by Koha